000 00367 a2200109 4500
001 ART_7860
005 20260410161638.0
008 260409a
245 1 0 _aConsideraciones sobre el concepto de establecimiento permanente (Primera parte)
100 1 _aEdelstein, Andrés M.
773 0 _tConsultor tributario
_g- Vol. 2, Nº 15 (may. 2008)
_wREV474
999 _c13081
_d13081